Cinderella
| Format: | Book |
|---|---|
| Published: |
New york :
Modern Publishing ,
1994
|
| Series: | Treasury of fairy tales
|
| Subjects: |
MARC
| LEADER | 00000cam a2200000 7i4500 | ||
|---|---|---|---|
| 001 | 0000007617 | ||
| 005 | 20120720.0 | ||
| 020 | |a 156144359X | ||
| 090 | 0 | 0 | |a JF |b CIN |
| 245 | 0 | 0 | |a Cinderella |
| 260 | |a New york : |b Modern Publishing , |c 1994 | ||
| 300 | |a p.v. : |b ill. ; |c 30 cm. | ||
| 490 | 0 | |a Treasury of fairy tales | |
| 650 | 0 | 0 | |a Children's stories |
| 999 | |a 052486 |b BUKU |c PINJAMAN |e PERPUSTAKAAN KOMUNITI PETALING JAYA | ||
| 999 | |a 055393 |b BUKU |c PINJAMAN |e PERPUSTAKAAN KOMUNITI PETALING JAYA | ||
| 999 | |a 055395 |b BUKU |c PINJAMAN |e PERPUSTAKAAN KOMUNITI PETALING JAYA | ||